Statistiques concernant Pays ayant leur nom dans leur capitale ou l'inverse

Cliquez ici pour prendre le quiz!

Statistiques générales

  • Ce quiz a été pris 99 fois
  • Le résultat moyen est 8 sur 15

Statistiques - réponses

Pays% Correct
Monaco
73%
Andorre
72%
Vatican
72%
Luxembourg
71%
Saint-Marin
68%
Guatemala
66%
Panama
65%
Singapour
52%
Algérie
49%
Koweït
49%
Djibouti
41%
Salvador
41%
Tunisie
41%
Sao Tomé-et-Principe
37%
Guinée-Bissau
27%

Distribution des résultats

Percentile par nombre de réponses

% des personnes avec chaque résultat

Votre développement - résultats

Vous n’avez pas pris ce quiz